Philippines Islands on a Map - Statistics

General Stats
  • This quiz has been taken 587 times
  • The average score is 17 of 57
Answers on the Map
Answers color-coded by a green-red scale on the quiz's map according to % correct below.
 
Answer Stats
Island % Correct
Luzon
95%
Mindanao
89%
Palawan
87%
Cebu
86%
Negros
78%
Mindoro
70%
Bohol
69%
Samar
69%
Leyte
64%
Panay
63%
Masbate
59%
Tawi-tawi
44%
Marinduque
41%
Batan
38%
Jolo
38%
Basilan
37%
Catanduanes
37%
Dinagat
35%
Romblon
32%
Siquijor
31%
Camiguin
30%
Camiguin
30%
Guimaras
30%
Polillo
27%
Biliran
26%
Siargao
24%
Busuanga
22%
Culion
20%
Coron
19%
Samal
19%
Sibuyan
18%
Burias
16%
Mactan
16%
Tablas
16%
Balabac
14%
Ticao
14%
Bantayan
13%
Calayan
13%
Lubang
12%
Alabat
11%
Bucas Grande
11%
Bugsuk
11%
Dumaran
11%
Olutanga
11%
Panglao
11%
Sibutu
11%
Fuga
10%
Linapacan
10%
Panaon
10%
Anda
9%
Pacijan
9%
Poro
9%
Rapu-Rapu
9%
Jomalig
8%
Batag
7%
Patnanongan
6%
Ponson
6%
No matching quizzes found
Score Distribution
Percent of People with Each Score
Percentile by Number Answered
Your Score History
You have not taken this quiz